[Event "Titled Tuesday intern op 30th Apr Early"]
[Site "Chess.com INT"]
[Date "2024.04.30"]
[Round "2"]
[White "Sourath, Biswas"]
[Black "Kostiukov, Alexandr"]
[Result "0-1"]
[WhiteElo "2305"]
[BlackElo "2271"]
[PlyCount "84"]
[EventDate "2024.04.30"]
[EventType "swiss (blitz)"]
[EventRounds "11"]
[EventCountry "USA"]
[SourceTitle "CB19_2024"]
[SourceDate "2024.05.08"]
[SourceVersion "1"]
[SourceVersionDate "2024.05.08"]
[SourceQuality "1"]

1. d4 g6 2. Bf4 Bg7 3. Nc3 d6 4. e4 Nc6 5. Nf3 Nxd4 6. Nxd4 e5 7. Be3 exd4 8. Bxd4 Nf6 9. Qf3 0-0 10. h3 c5 11. Be3 Qa5 12. Bd2 Qb6 13. Bc4 Be6 14. Be2 Qxb2 15. Rb1 Qa3 16. Rxb7 Rab8 17. Rxb8 Rxb8 18. 0-0 Nd7 19. Qd3 Rb6 20. f4 c4 21. Qg3 f5 22. exf5 Bxf5 23. Bxc4+ Kh8 24. Re1 Qc5+ 25. Be3 Qxc4 26. Bxb6 axb6 27. Re8+ Nf8 28. Ne2 Qxc2 29. Kh2 h5 30. Nd4 Qd3 31. Nxf5 Qxf5 32. Qe3 Kh7 33. Qf3 Ne6 34. Re7 Qxf4+ 35. Qxf4 Nxf4 36. Rb7 Nd5 37. a4 Kh6 38. Kg3 Bd4 39. Kf3 Bc5 40. Ra7 Kg5 41. Ke4 Nc3+ 42. Kf3 b5 0-1

[Event "Titled Tuesday intern op 12th Dec Early"]
[Site "Chess.com INT"]
[Date "2023.12.12"]
[Round "2"]
[White "Sourath, Biswas"]
[Black "Xie, Bryan"]
[Result "1-0"]
[WhiteElo "2305"]
[BlackElo "2303"]
[PlyCount "53"]
[EventDate "2023.12.12"]
[EventType "swiss (blitz)"]
[EventRounds "11"]
[EventCountry "USA"]
[SourceTitle "CB51_2023"]
[SourceDate "2023.12.20"]
[SourceVersion "1"]
[SourceVersionDate "2023.12.20"]
[SourceQuality "1"]

1. d4 d5 2. Bf4 Nf6 3. e3 Bf5 4. c4 c6 5. Qb3 Qc8 6. Nc3 e6 7. Rc1 Nbd7 8. cxd5 exd5 9. Nb5 Nc5 10. dxc5 cxb5 11. Bxb5+ Bd7 12. Nf3 Bxc5 13. Bd6 b6 14. Bxc5 bxc5 15. Bxd7+ Kxd7 16. 0-0 Re8 17. Qa3 Ne4 18. Rfd1 Qc6 19. Nd4 Qf6 20. Rxc5 Qxf2+ 21. Kh1 Nxc5 22. Qxc5 Rxe3 23. Qxd5+ Ke7 24. Nf5+ Kf6 25. Nxe3 Qxe3 26. Qxa8 Qe2 27. Qf3+ 1-0

[Event "Titled Tuesday intern op 19th Sep Late"]
[Site "Chess.com INT"]
[Date "2023.09.19"]
[Round "3"]
[White "Sourath, Biswas"]
[Black "Drygalov, Sergey"]
[Result "0-1"]
[WhiteElo "2305"]
[BlackElo "2547"]
[PlyCount "72"]
[EventDate "2023.09.19"]
[EventType "swiss (blitz)"]
[EventRounds "11"]
[EventCountry "USA"]
[SourceTitle "EXT 2024"]
[Source "ChessBase"]
[SourceDate "2023.10.10"]
[SourceVersion "1"]
[SourceVersionDate "2023.10.10"]
[SourceQuality "1"]

1. d4 d5 2. Bf4 Nf6 3. e3 c5 4. Nf3 Nc6 5. Nbd2 cxd4 6. exd4 Bg4 7. c3 e6 8. Qb3 Qc8 9. Bd3 Be7 10. 0-0 0-0 11. Ne5 Bh5 12. Qc2 Bg6 13. Nxg6 hxg6 14. Nf3 a6 15. Qe2 b5 16. a3 Na5 17. Ne5 Nc4 18. a4 Nh5 19. Bd2 Qb7 20. Nxg6 fxg6 21. Qxe6+ Kh8 22. Qxg6 Nf6 23. Bh6 Bd8 24. Bg5 Ne4 25. Qh5+ Kg8 26. Bxd8 Raxd8 27. axb5 axb5 28. f3 Nf6 29. Qg6 Qf7 30. Qg5 Qh5 31. Qc1 Rfe8 32. b3 Nd6 33. Re1 Qh4 34. Rxe8+ Rxe8 35. Qd2 b4 36. cxb4 Qxd4+ 0-1

[Event "Titled Tuesday intern op 19th Sep Late"]
[Site "Chess.com INT"]
[Date "2023.09.19"]
[Round "2"]
[White "Sourath, Biswas"]
[Black "Mamedov, Rauf"]
[Result "1-0"]
[WhiteElo "2305"]
[BlackElo "2640"]
[PlyCount "29"]
[EventDate "2023.09.19"]
[EventType "swiss (blitz)"]
[EventRounds "11"]
[EventCountry "USA"]
[SourceTitle "EXT 2024"]
[Source "ChessBase"]
[SourceDate "2023.10.10"]
[SourceVersion "1"]
[SourceVersionDate "2023.10.10"]
[SourceQuality "1"]

1. d4 Nf6 2. Bf4 c5 3. e3 Nd5 4. Bg3 Qb6 5. c4 Qxb2 6. cxd5 Qxa1 7. Qc2 Na6 8. Bxa6 bxa6 9. Nf3 d6 10. Nfd2 Rb8 11. Nb3 Qxb1+ 12. Qxb1 c4 13. Qc2 cxb3 14. Qc7 b2 15. Qxb8 1-0

[Event "Julius Baer Play In"]
[Site "Chess.com INT"]
[Date "2023.07.24"]
[Round "2.66"]
[White "Sourath, Biswas"]
[Black "Nasuta, Grzegorz"]
[Result "0-1"]
[WhiteElo "2305"]
[BlackElo "2552"]
[PlyCount "42"]
[EventDate "2023.07.24"]
[EventType "swiss (rapid)"]
[EventRounds "9"]
[EventCountry "GER"]
[SourceTitle "CBM 215 Extra"]
[Source "ChessBase"]
[SourceDate "2023.09.30"]
[SourceVersion "1"]
[SourceVersionDate "2023.09.30"]
[SourceQuality "1"]

1. d4 d5 2. Bf4 c5 3. e3 Nc6 4. Nf3 Nf6 5. Nbd2 Nh5 6. dxc5 Nxf4 7. exf4 g6 8. c3 Bh6 9. Bb5 Bxf4 10. Qa4 Qc7 11. Qd4 0-0 12. Qxd5 Rd8 13. Qe4 Bf5 14. Qe2 Ne5 15. Nd4 a6 16. Ba4 Nd3+ 17. Kf1 Nxb2 18. Nxf5 Rxd2 19. Nxe7+ Kf8 20. Nd5 Qxc5 21. Qf3 Nd3 0-1

[Event "Titled Tuesday intern op 20th Jun Early"]
[Site "Chess.com INT"]
[Date "2023.06.20"]
[Round "4"]
[White "Ilamparthi, AR."]
[Black "Sourath, Biswas"]
[Result "1-0"]
[WhiteElo "2393"]
[BlackElo "2305"]
[PlyCount "77"]
[EventDate "2023.06.20"]
[EventType "swiss (blitz)"]
[EventRounds "11"]
[EventCountry "USA"]
[SourceTitle "EXT 2024"]
[Source "ChessBase"]
[SourceDate "2023.10.10"]
[SourceVersion "1"]
[SourceVersionDate "2023.10.10"]
[SourceQuality "1"]

1. e4 c6 2. d3 d5 3. Nd2 e5 4. Ngf3 Bd6 5. d4 exd4 6. exd5 Nf6 7. dxc6 Nxc6 8. Be2 0-0 9. Nb3 Bb4+ 10. Bd2 Bxd2+ 11. Qxd2 Ne4 12. Qf4 Re8 13. 0-0 Be6 14. Rad1 Bxb3 15. axb3 Nc5 16. Bc4 Ne6 17. Bxe6 Rxe6 18. Nxd4 Nxd4 19. Rxd4 Qe7 20. Qd2 Re2 21. Qd3 b6 22. Rd7 Qe8 23. h3 g6 24. Rd1 Rc8 25. c4 Re1+ 26. Rxe1 Qxe1+ 27. Qf1 Qb4 28. Qd1 Re8 29. Qf3 Qe1+ 30. Kh2 Qe5+ 31. g3 Rf8 32. Rxa7 Qxb2 33. Rb7 Kg7 34. Rxb6 Qd4 35. Rb7 Qb2 36. Kg2 Kg8 37. h4 f6 38. Qd5+ Kh8 39. Qd7 1-0

[Event "Titled Tuesday intern op 20th Jun Early"]
[Site "Chess.com INT"]
[Date "2023.06.20"]
[Round "1"]
[White "Thiel, Thomas"]
[Black "Sourath, Biswas"]
[Result "0-1"]
[WhiteElo "2215"]
[BlackElo "2305"]
[PlyCount "88"]
[EventDate "2023.06.20"]
[EventType "swiss (blitz)"]
[EventRounds "11"]
[EventCountry "USA"]
[SourceTitle "EXT 2024"]
[Source "ChessBase"]
[SourceDate "2023.10.10"]
[SourceVersion "1"]
[SourceVersionDate "2023.10.10"]
[SourceQuality "1"]

1. e4 c6 2. d4 d5 3. exd5 cxd5 4. c4 Nf6 5. Nc3 Nc6 6. Bg5 dxc4 7. Bxc4 Qxd4 8. Qxd4 Nxd4 9. 0-0-0 h6 10. Bxf6 exf6 11. Rxd4 Bc5 12. Re4+ Kf8 13. Re2 Bf5 14. Nf3 Rc8 15. Rd1 a6 16. Nd4 Bg4 17. f3 Bh5 18. Nf5 Bg6 19. Nd6 Bxd6 20. Rxd6 b5 21. Bd3 Bxd3 22. Rxd3 b4 23. Kc2 bxc3 24. Rxc3 Rxc3+ 25. Kxc3 g5 26. Kb4 Kg7 27. Ka5 Ra8 28. b4 f5 29. Rc2 Rb8 30. a4 f6 31. Rc6 Rd8 32. Rxa6 Rd2 33. b5 Rxg2 34. b6 Rb2 35. Ra7+ Kg6 36. b7 g4 37. fxg4 f4 38. Ra6 Rxb7 39. Rb6 Rxb6 40. Kxb6 f3 41. a5 f2 42. a6 f1Q 43. a7 Qg2 44. Kc7 Qa8 0-1

[Event "Titled Tuesday intern op 13th Jun Early"]
[Site "Chess.com INT"]
[Date "2023.06.13"]
[Round "2"]
[White "Kevlishvili, Robby"]
[Black "Sourath, Biswas"]
[Result "0-1"]
[WhiteElo "2539"]
[BlackElo "2305"]
[PlyCount "84"]
[EventDate "2023.06.13"]
[EventType "swiss (blitz)"]
[EventRounds "11"]
[EventCountry "USA"]
[SourceTitle "EXT 2024"]
[Source "ChessBase"]
[SourceDate "2023.10.10"]
[SourceVersion "1"]
[SourceVersionDate "2023.10.10"]
[SourceQuality "1"]

1. e4 c6 2. Nf3 d5 3. Nc3 Bg4 4. h3 Bxf3 5. Qxf3 e6 6. g3 Nd7 7. Bg2 Bc5 8. 0-0 Ne7 9. Rd1 d4 10. Nb1 Ne5 11. Qh5 d3 12. Qxe5 Bd4 13. Qh5 dxc2 14. Rf1 cxb1Q 15. Rxb1 0-0 16. b4 Qb6 17. a4 Rad8 18. Qe2 a6 19. d3 Ng6 20. Kh2 Ne5 21. Rb3 c5 22. Ba3 a5 23. b5 Nc6 24. Qc2 Nb4 25. Qc4 Rc8 26. f4 e5 27. f5 Kh8 28. f6 gxf6 29. Bc1 Qe6 30. Bh6 Rg8 31. Qxe6 fxe6 32. Rxf6 Rg6 33. Rxg6 hxg6 34. Bf1 Kh7 35. Bg5 Rf8 36. Rb1 Rf2+ 37. Bg2 Nxd3 38. h4 Rb2 39. Rf1 Rf2 40. Rd1 c4 41. Kh3 Rf7 42. Rh1 Nf2+ 0-1

[Event "Aimchess Play In op"]
[Site "Chess.com INT"]
[Date "2023.06.12"]
[Round "5"]
[White "Sourath, Biswas"]
[Black "Demidov, Mikhail"]
[Result "0-1"]
[WhiteElo "2305"]
[BlackElo "2587"]
[PlyCount "88"]
[EventDate "2023.06.12"]
[EventType "swiss (rapid)"]
[EventRounds "9"]
[EventCountry "USA"]
[SourceTitle "CBM 214 Extra"]
[Source "ChessBase"]
[SourceDate "2023.07.31"]
[SourceVersion "1"]
[SourceVersionDate "2023.07.31"]
[SourceQuality "1"]

1. Nf3 g6 2. c4 Bg7 3. Nc3 d6 4. d4 Nd7 5. g3 e5 6. Bg2 Ne7 7. 0-0 0-0 8. e4 exd4 9. Nxd4 Nc6 10. Be3 Nde5 11. Nxc6 bxc6 12. b3 Nxc4 13. bxc4 Bxc3 14. Bh6 Re8 15. Rb1 Be6 16. Qd3 Qf6 17. e5 Bxe5 18. Bxc6 Bf5 19. Qd2 Bxb1 20. Bxa8 Bc3 21. Bg5 Bxd2 22. Bxf6 Bxa2 23. Bd5 a5 24. Ra1 Re1+ 25. Rxe1 Bxe1 26. Bd8 c6 27. Bxc6 Bxc4 28. Bf6 Bb3 29. Kf1 Bb4 30. Ke2 a4 31. Kd3 a3 32. f3 a2 33. Bb5 d5 34. Bb2 Bf8 35. Kc3 Bc4 36. Bxc4 dxc4 37. Kxc4 Bg7 38. Kb3 Bxb2 39. Kxa2 Bd4 40. Kb3 Kg7 41. Kc4 Bg1 42. h3 Bh2 43. g4 Kf6 44. Kd3 Kg5 0-1

[Event "Titled Tuesday intern op 06th Jun Early"]
[Site "Chess.com INT"]
[Date "2023.06.06"]
[Round "9"]
[White "Goutham Krishna, H."]
[Black "Sourath, Biswas"]
[Result "0-1"]
[WhiteElo "2082"]
[BlackElo "2305"]
[PlyCount "140"]
[EventDate "2023.06.06"]
[EventType "swiss (blitz)"]
[EventRounds "11"]
[EventCountry "USA"]
[SourceTitle "EXT 2024"]
[Source "ChessBase"]
[SourceDate "2023.10.10"]
[SourceVersion "1"]
[SourceVersionDate "2023.10.10"]
[SourceQuality "1"]

1. d4 Nf6 2. c4 g6 3. Nf3 Bg7 4. Nc3 0-0 5. Bf4 c5 6. e3 cxd4 7. exd4 d5 8. h3 Nc6 9. Be2 b6 10. 0-0 Bb7 11. Ne5 dxc4 12. Bf3 Rc8 13. Qa4 Qxd4 14. Bxc6 Qxf4 15. Bxb7 Rc7 16. Nxf7 Rxb7 17. g3 Qf5 18. g4 Nxg4 19. Qc6 Rbb8 20. Qxc4 Rxf7 21. hxg4 Qf4 22. Qe6 Qe5 23. Rae1 Qxe6 24. Rxe6 Rc8 25. Nd5 Kf8 26. b3 Rd8 27. Ne3 Rd2 28. Rc6 Bd4 29. Nd1 Rxa2 30. Kg2 Rd2 31. Kg3 Rd3+ 32. Kh4 Rxb3 33. f4 Bf6+ 34. g5 Be5 35. Kg4 Rb4 36. Kh3 Rfxf4 37. Rxf4+ Rxf4 38. Ne3 Rf3+ 39. Kg4 Rxe3 40. Rc4 Rg3+ 41. Kh4 Rf3 42. Kg4 Rf4+ 43. Rxf4+ Bxf4 44. Kxf4 a5 45. Ke5 a4 46. Kd4 a3 47. Kc3 e5 48. Kb3 Ke7 49. Kxa3 Ke6 50. Kb4 Kf5 51. Kc4 Kxg5 52. Kd3 Kf4 53. Ke2 b5 54. Kd3 b4 55. Kc4 h5 56. Kxb4 h4 57. Kc4 h3 58. Kd5 h2 59. Ke6 h1Q 60. Kf6 g5 61. Kg6 g4 62. Kf6 g3 63. Ke6 g2 64. Kd5 e4 65. Kd4 e3 66. Kd3 e2 67. Kd2 e1Q+ 68. Kd3 g1Q 69. Kc2 Qc6+ 70. Kd3 Qge3# 0-1

[Event "Titled Tuesday intern op 06th Jun Early"]
[Site "Chess.com INT"]
[Date "2023.06.06"]
[Round "5"]
[White "Sourath, Biswas"]
[Black "Gorovets, Andrey"]
[Result "1-0"]
[WhiteElo "2305"]
[BlackElo "2463"]
[PlyCount "71"]
[EventDate "2023.06.06"]
[EventType "swiss (blitz)"]
[EventRounds "11"]
[EventCountry "USA"]
[SourceTitle "EXT 2024"]
[Source "ChessBase"]
[SourceDate "2023.10.10"]
[SourceVersion "1"]
[SourceVersionDate "2023.10.10"]
[SourceQuality "1"]

1. d4 e6 2. Nf3 f5 3. c4 Nf6 4. Nc3 Bb4 5. g3 0-0 6. Bg2 d6 7. 0-0 Bxc3 8. bxc3 Qe7 9. Ba3 c5 10. Nd2 e5 11. Rb1 e4 12. f3 e3 13. Nb3 b6 14. dxc5 dxc5 15. f4 Bb7 16. Bxb7 Qxb7 17. Nxc5 Qe7 18. Ne4 Qxe4 19. Bxf8 Kxf8 20. Rb5 Nbd7 21. Qd6+ Kf7 22. Re5 Nxe5 23. fxe5 Ne8 24. Qd7+ Kg6 25. Qe6+ Nf6 26. Qd6 Qxc4 27. exf6 gxf6 28. Qd7 Qe4 29. Rf4 Qb1+ 30. Rf1 Qc2 31. g4 Rg8 32. Qe6 Kg7 33. Rxf5 Rf8 34. g5 Qxe2 35. gxf6+ Kg6 36. f7+ 1-0

[Event "Titled Tuesday intern op 06th Jun Early"]
[Site "Chess.com INT"]
[Date "2023.06.06"]
[Round "3"]
[White "Toktomushev, Teimur"]
[Black "Sourath, Biswas"]
[Result "0-1"]
[WhiteElo "2212"]
[BlackElo "2305"]
[PlyCount "64"]
[EventDate "2023.06.06"]
[EventType "swiss (blitz)"]
[EventRounds "11"]
[EventCountry "USA"]
[SourceTitle "EXT 2024"]
[Source "ChessBase"]
[SourceDate "2023.10.10"]
[SourceVersion "1"]
[SourceVersionDate "2023.10.10"]
[SourceQuality "1"]

1. d4 Nf6 2. c4 g6 3. Nc3 Bg7 4. e4 0-0 5. f3 d6 6. Be3 c5 7. Nge2 Nc6 8. d5 Ne5 9. Ng3 e6 10. Be2 exd5 11. cxd5 h5 12. 0-0 Rb8 13. a4 Bd7 14. h3 c4 15. Nh1 b6 16. Nf2 Re8 17. f4 Nd3 18. Nxd3 Nxe4 19. Ne5 Nxc3 20. bxc3 dxe5 21. Bxc4 exf4 22. Bxf4 Rc8 23. Ba2 Rxc3 24. d6 Bf5 25. Rc1 Rd3 26. Qc2 Bd4+ 27. Kh1 Rxh3+ 28. gxh3 Bxc2 29. Rxc2 Qh4 30. Rf3 Re1+ 31. Kh2 Qf6 32. d7 Kh7 0-1

[Event "Titled Tuesday intern op 30th May Early"]
[Site "Chess.com INT"]
[Date "2023.05.30"]
[Round "4"]
[White "Jovic, Stanoje"]
[Black "Sourath, Biswas"]
[Result "1-0"]
[WhiteElo "2075"]
[BlackElo "2281"]
[PlyCount "97"]
[EventDate "2023.05.30"]
[EventType "swiss (blitz)"]
[EventRounds "11"]
[EventCountry "USA"]
[SourceTitle "CBM 214 Extra"]
[Source "ChessBase"]
[SourceDate "2023.07.31"]
[SourceVersion "1"]
[SourceVersionDate "2023.07.31"]
[SourceQuality "1"]

1. c4 Nf6 2. g3 g6 3. Bg2 Bg7 4. Nc3 0-0 5. Nf3 d6 6. 0-0 e5 7. d3 Re8 8. e4 c6 9. h3 d5 10. Bg5 dxc4 11. dxc4 h6 12. Be3 Be6 13. Qe2 Nbd7 14. Rfd1 Qe7 15. b3 Nc5 16. Nxe5 Nfxe4 17. Nxe4 Nxe4 18. Bxe4 Bxe5 19. Rac1 Bxh3 20. Bxh6 Bxg3 21. fxg3 Qxe4 22. Qxe4 Rxe4 23. Re1 Rae8 24. Rxe4 Rxe4 25. Kf2 f6 26. Be3 Bg4 27. Rc2 a5 28. a4 Bd1 29. Rc3 Kf7 30. Ke1 Bg4 31. Kd2 Re5 32. Rd3 b5 33. Rd6 bxc4 34. bxc4 Re6 35. Rxe6 Bxe6 36. Kc3 Bg4 37. Kb3 Bd1+ 38. Ka3 Ke6 39. Bb6 Kf5 40. Bxa5 Be2 41. Kb4 Kg4 42. Bc7 f5 43. a5 g5 44. a6 Kf3 45. Kc5 f4 46. gxf4 g4 47. f5 g3 48. Bxg3 Kxg3 49. a7 1-0

[Event "Titled Tuesday intern op 09th May Early"]
[Site "Chess.com INT"]
[Date "2023.05.09"]
[Round "7"]
[White "Ohanyan, Emin"]
[Black "Sourath, Biswas"]
[Result "1-0"]
[WhiteElo "2444"]
[BlackElo "2281"]
[PlyCount "53"]
[EventDate "2023.05.09"]
[EventType "swiss (blitz)"]
[EventRounds "11"]
[EventCountry "USA"]
[SourceTitle "CBM 214 Extra"]
[Source "ChessBase"]
[SourceDate "2023.07.31"]
[SourceVersion "1"]
[SourceVersionDate "2023.07.31"]
[SourceQuality "1"]

1. e4 c6 2. d4 d5 3. Nc3 dxe4 4. Nxe4 Nf6 5. Nxf6+ exf6 6. Bd3 Qxd4 7. Ne2 Qb6 8. 0-0 Bc5 9. Ng3 Be6 10. c3 0-0 11. Qh5 g6 12. Qh6 Rd8 13. Nh5 gxh5 14. Bxh7+ Kh8 15. Bf5+ Kg8 16. Bxe6 fxe6 17. Qg6+ Kf8 18. Qxf6+ Ke8 19. Qxe6+ Be7 20. Bg5 Qc5 21. Qg8+ Kd7 22. Rad1+ Kc7 23. Rxd8 Qxg5 24. Rc8+ Kb6 25. Qxg5 Bxg5 26. f4 Bf6 27. Re1 1-0

[Event "Titled Tuesday intern op 09th May Early"]
[Site "Chess.com INT"]
[Date "2023.05.09"]
[Round "5"]
[White "Sourath, Biswas"]
[Black "De Boer, Eelke"]
[Result "1-0"]
[WhiteElo "2281"]
[BlackElo "2293"]
[PlyCount "33"]
[EventDate "2023.05.09"]
[EventType "swiss (blitz)"]
[EventRounds "11"]
[EventCountry "USA"]
[SourceTitle "CBM 214 Extra"]
[Source "ChessBase"]
[SourceDate "2023.07.31"]
[SourceVersion "1"]
[SourceVersionDate "2023.07.31"]
[SourceQuality "1"]

1. d4 Nf6 2. Bf4 g6 3. Nc3 d5 4. e3 Bg7 5. h4 0-0 6. h5 Nxh5 7. Rxh5 gxh5 8. Qxh5 f5 9. Nf3 e6 10. 0-0-0 Qe8 11. Qh2 Na6 12. Bxa6 bxa6 13. Rh1 Qg6 14. Ne5 Bxe5 15. Bxe5 c6 16. Ne2 Bd7 17. Nf4 1-0

[Event "Fagernes op-A"]
[Site "Fagernes"]
[Date "2023.04.04"]
[Round "3"]
[White "Sourath, Biswas"]
[Black "Prraneeth, Vuppala"]
[Result "0-1"]
[WhiteElo "2265"]
[BlackElo "2437"]
[PlyCount "66"]
[EventDate "2023.04.02"]
[EventType "swiss"]
[EventRounds "9"]
[EventCountry "NOR"]
[SourceTitle "CBM 213 Extra"]
[Source "ChessBase"]
[SourceDate "2023.05.31"]
[SourceVersion "1"]
[SourceVersionDate "2023.05.31"]
[SourceQuality "1"]

1. d4 Nf6 2. Bf4 d5 3. e3 e6 4. Nf3 Bd6 5. c3 0-0 6. Nbd2 c5 7. Ne5 Qc7 8. Bd3 a5 9. h4 a4 10. a3 Nc6 11. Ndf3 Ne4 12. Nxc6 Bxf4 13. Ne7+ Qxe7 14. exf4 cxd4 15. cxd4 Qc7 16. g3 Qa5+ 17. Kf1 Bd7 18. Qe2 f6 19. Kg2 Qb6 20. Rab1 Rfc8 21. h5 Rc7 22. h6 g6 23. Rhc1 Kf7 24. Rxc7 Qxc7 25. Qe1 Rc8 26. Qb4 b6 27. b3 Qc3 28. Bxe4 dxe4 29. Nd2 e3 30. Nc4 Qc2 31. Rf1 Bc6+ 32. Kh2 Qe2 33. Kg1 Qf3 0-1